000 00567nam a2200193Ia 4500
001 58726
008 150623n ii |||gr||||Z||||||465
020 _a9780143031048
082 _a923.2
245 0 _aJawaharlal Nehru : An Autobiography
_cJawaharlal Nehru
_hTextual Documents
260 _aUSA
_bPenguin Books Ltd
300 _a655pg:
_bAppendix, Index;
_c22cm.
653 _aBiography
653 _aJawaharlal Nehru : An Autobiography
653 _aG-Biography
700 _aNehru, Jawaharlal,
_eAuthor.,
856 _uCopywrite Soniya Gandhi
942 _2ddc
_cBK
999 _c58614
_d58614